| 000 | 00716nam a22002297a 4500 | ||
|---|---|---|---|
| 003 | OSt | ||
| 005 | 20180914090655.0 | ||
| 008 | 180302b xxu||||| |||| 00| 0 spa d | ||
| 020 | _a9501404366 | ||
| 040 | _cPJ | ||
| 100 |
_92214 _aVescovi, Enrique |
||
| 245 | 1 | 3 |
_aLos recursos judiciales y demás medios impugnativos en Iberoamérica / _cEnrique Vescovi. |
| 260 |
_aBuenos Aires : _bDepalma, _c1988. |
||
| 300 |
_a552 p. _c23 cm. _brústica |
||
| 500 | _aNotas y citas a pie de página. | ||
| 504 | _aBibliografía: p. 545 | ||
| 650 | 0 |
_9267 _aDERECHO PROCESAL |
|
| 650 | 0 |
_9178 _aDERECHO CONSTITUCIONAL |
|
| 650 | 0 |
_91955 _aRECURSOS |
|
| 651 | 0 |
_9856 _aIBEROAMERICA |
|
| 942 |
_2udc _cLIB _h342.955 _iVES |
||
| 999 |
_c1459 _d1459 |
||